[Event "UKR-ch 91st"]
[Site "Poltava"]
[Date "2023.12.14"]
[Round "6"]
[White "Eropunov, Gleb"]
[Black "Artemov, Andriy"]
[Result "1-0"]
[WhiteElo "1961"]
[BlackElo "1989"]
[PlyCount "83"]
[EventDate "2023.12.09"]
[EventType "swiss"]
[EventRounds "9"]
[EventCountry "UKR"]
[SourceTitle "CB51_2023"]
[SourceDate "2023.12.20"]
[SourceVersion "1"]
[SourceVersionDate "2023.12.20"]
[SourceQuality "1"]

1. d4 d5 2. Bf4 Nf6 3. Nf3 c5 4. e3 Nc6 5. Nbd2 Nh5 6. Bg3 Nxg3 7. hxg3 Bg4 8. Bb5 Qb6 9. c4 dxc4 10. Qa4 Bxf3 11. Nxc4 Qc7 12. gxf3 e6 13. Ne5 Rc8 14. Qxa7 Bd6 15. Nxc6 bxc6 16. Qxc7 Rxc7 17. Ba4 cxd4 18. exd4 0-0 19. Rc1 e5 20. Rxc6 Rxc6 21. Bxc6 exd4 22. Kd2 Rb8 23. b3 Bb4+ 24. Kd3 Bc3 25. Rh5 g6 26. Re5 Kg7 27. g4 Rb6 28. Be4 Kf8 29. Rc5 Ke7 30. f4 Rf6 31. f5 gxf5 32. Bxf5 Kd6 33. Kc4 Rh6 34. Be4 Rh4 35. f3 Rh2 36. a4 Rh1 37. Rc6+ Ke7 38. b4 Rc1 39. b5 Kd7 40. Bf5+ Ke7 41. b6 Ra1 42. b7 1-0

[Event "Wch U14"]
[Site "Montesilvano"]
[Date "2023.11.24"]
[Round "11"]
[White "Artemov, Andriy"]
[Black "Vingris, Mikelis"]
[Result "0-1"]
[WhiteElo "1779"]
[BlackElo "2127"]
[PlyCount "88"]
[EventDate "2023.11.13"]
[EventType "swiss"]
[EventRounds "11"]
[EventCountry "ITA"]
[SourceTitle "CB48_2023"]
[SourceDate "2023.11.29"]
[SourceVersion "1"]
[SourceVersionDate "2023.11.29"]
[SourceQuality "1"]

1. d4 Nf6 2. c4 g6 3. Nc3 Bg7 4. e4 d6 5. Be2 Nbd7 6. Be3 0-0 7. g4 e5 8. d5 Nc5 9. f3 a5 10. h4 h5 11. g5 Nfd7 12. Nh3 Re8 13. Qc2 Na6 14. a3 Nac5 15. Na4 Nxa4 16. Qxa4 Nc5 17. Bxc5 dxc5 18. Nf2 Qe7 19. 0-0-0 Bd7 20. Qc2 Qd6 21. Nd3 a4 22. Bf1 Reb8 23. Qf2 Ra5 24. Bh3 Be8 25. Rhe1 c6 26. f4 b5 27. fxe5 Qd8 28. Qc2 Qb6 29. Rd2 bxc4 30. Qxc4 Rb5 31. Ree2 Rb3 32. d6 Rxa3 33. Rc2 Ra1+ 34. Kd2 Rh1 35. Bg2 Rxh4 36. Rf2 Qd8 37. Qxc5 Qxg5+ 38. Ke2 Rh2 39. Kf1 a3 40. Qa7 Rd8 41. Qxa3 Bd7 42. Qc5 Bh3 43. Kg1 Qg3 44. Qb6 Ra8 0-1

[Event "Wch U14"]
[Site "Montesilvano"]
[Date "2023.11.23"]
[Round "10"]
[White "Rustamov, Rustam"]
[Black "Artemov, Andriy"]
[Result "1-0"]
[WhiteElo "2229"]
[BlackElo "1779"]
[PlyCount "87"]
[EventDate "2023.11.13"]
[EventType "swiss"]
[EventRounds "11"]
[EventCountry "ITA"]
[SourceTitle "CB48_2023"]
[SourceDate "2023.11.29"]
[SourceVersion "1"]
[SourceVersionDate "2023.11.29"]
[SourceQuality "1"]

1. e4 e5 2. Nf3 Nc6 3. Bb5 Nf6 4. d3 Bc5 5. 0-0 Nd4 6. Nxd4 Bxd4 7. c3 Bb6 8. Bg5 c6 9. Ba4 0-0 10. Kh1 h6 11. Bh4 d6 12. Nd2 g5 13. Bg3 Qe7 14. Nc4 Bc7 15. Ne3 Be6 16. Qf3 Ne8 17. Bc2 Qf6 18. Qe2 Ng7 19. Rad1 h5 20. h3 Rfe8 21. d4 Rad8 22. d5 Bc8 23. b4 Qg6 24. dxc6 bxc6 25. Qc4 Bb7 26. Ba4 Qe6 27. Nd5 cxd5 28. Qxc7 Qe7 29. Qa5 dxe4 30. Bxe8 Rxe8 31. Kg1 f5 32. Bxe5 Qxe5 33. Qxe5 Rxe5 34. Rxd6 Bd5 35. Rd1 Bxa2 36. Ra6 Be6 37. Rxa7 f4 38. Ra5 Rxa5 39. bxa5 Bc4 40. Rd4 Ba6 41. Rd6 Bb5 42. a6 Ne8 43. a7 Nc7 44. Rb6 1-0

[Event "Wch U14"]
[Site "Montesilvano"]
[Date "2023.11.15"]
[Round "3"]
[White "Artemov, Andriy"]
[Black "Myagmarsuren, Evsuld"]
[Result "1-0"]
[WhiteElo "1779"]
[BlackElo "2150"]
[PlyCount "121"]
[EventDate "2023.11.13"]
[EventType "swiss"]
[EventRounds "11"]
[EventCountry "ITA"]
[SourceTitle "CB48_2023"]
[SourceDate "2023.11.29"]
[SourceVersion "1"]
[SourceVersionDate "2023.11.29"]
[SourceQuality "1"]

1. d4 d5 2. c4 c6 3. cxd5 cxd5 4. Nc3 Nf6 5. Nf3 Nc6 6. Bf4 Bf5 7. e3 e6 8. Qb3 Bb4 9. Bb5 0-0 10. Bxc6 Bxc3+ 11. Qxc3 Rc8 12. Ne5 Ne4 13. Qa3 bxc6 14. Rc1 f6 15. Nd3 g5 16. Bg3 Rf7 17. Nc5 h5 18. Nxe4 Bxe4 19. f3 h4 20. Bxh4 gxh4 21. fxe4 dxe4 22. 0-0 f5 23. Qb3 Qe7 24. Rc5 Kh8 25. Qc2 Rg7 26. Qe2 Qg5 27. Rf4 Rcg8 28. Kh1 Rc8 29. Qf2 Rh7 30. Rxe4 Qh5 31. Rxe6 h3 32. Rc1 hxg2+ 33. Qxg2 Rg8 34. Qf2 f4 35. Re5 Qh3 36. exf4 Rhg7 37. Qe2 Rg4 38. Rf5 Rh4 39. Qe5+ Rg7 40. Rf8+ Kh7 41. Qf5+ Qxf5 42. Rxf5 Rd7 43. Rd1 Kg6 44. Rc5 Rxf4 45. Rxc6+ Kf5 46. Rc5+ Kf6 47. Rd2 Rf1+ 48. Kg2 Rf4 49. Rf2 Rdxd4 50. Rxf4+ Rxf4 51. Ra5 Rd4 52. b3 Rd7 53. Kf3 Rh7 54. Kg3 Rg7+ 55. Kf4 Rc7 56. h4 Kg6 57. h5+ Kh6 58. Ke4 Rd7 59. b4 Rb7 60. a3 Rd7 61. Rd5 1-0

[Event "Kyiv Spring op"]
[Site "Kiev"]
[Date "2023.03.25"]
[Round "1"]
[White "Artemov, Andriy"]
[Black "Dehtiarov, Roman"]
[Result "0-1"]
[WhiteElo "1590"]
[BlackElo "2300"]
[PlyCount "84"]
[EventDate "2023.03.25"]
[EventType "swiss"]
[EventRounds "9"]
[EventCountry "UKR"]
[SourceTitle "CBM 213 Extra"]
[Source "ChessBase"]
[SourceDate "2023.05.31"]
[SourceVersion "1"]
[SourceVersionDate "2023.05.31"]
[SourceQuality "1"]

1. e4 e5 2. Nf3 Nc6 3. Nc3 Nf6 4. Bb5 Bb4 5. 0-0 0-0 6. Bxc6 dxc6 7. d3 Bg4 8. h3 Bh5 9. Kh2 Nd7 10. g4 Bg6 11. Ne2 Be7 12. Ng3 c5 13. Qe2 h6 14. c3 Bf6 15. Be3 Qe7 16. Ne1 Rfe8 17. Ng2 Rad8 18. Rad1 Nf8 19. Nf5 Bxf5 20. gxf5 Rd7 21. Bc1 Nh7 22. Ne3 c6 23. Nc4 b5 24. Na5 Bg5 25. Nxc6 Qf6 26. Bxg5 Nxg5 27. Na5 Red8 28. Nb3 c4 29. dxc4 Rxd1 30. Rxd1 Rxd1 31. Qxd1 bxc4 32. Nc5 Qb6 33. h4 Qxc5 34. hxg5 Qxf2+ 35. Kh1 Qh4+ 36. Kg1 Qxg5+ 37. Kf2 Qh4+ 38. Kg2 Qxe4+ 39. Qf3 Qc2+ 40. Kh1 Qc1+ 41. Kg2 Qxb2+ 42. Kh3 Qc2 0-1

[Event "Kiev Spring op"]
[Site "Kiev"]
[Date "2021.07.17"]
[Round "9"]
[White "Artemov, Andriy"]
[Black "Hryshchenko, Kamila"]
[Result "0-1"]
[WhiteElo "1475"]
[BlackElo "2055"]
[PlyCount "64"]
[EventDate "2021.07.10"]
[EventType "swiss"]
[EventRounds "9"]
[EventCountry "UKR"]
[SourceTitle "EXT 2024"]
[Source "ChessBase"]
[SourceDate "2023.10.10"]
[SourceVersion "1"]
[SourceVersionDate "2023.10.10"]
[SourceQuality "1"]

1. d3 g6 2. Nf3 Bg7 3. g3 d6 4. Bg2 e5 5. 0-0 Ne7 6. Nbd2 f5 7. c3 Na6 8. e4 h6 9. Ne1 f4 10. gxf4 exf4 11. d4 0-0 12. Nd3 g5 13. f3 Ng6 14. Rf2 c5 15. d5 b5 16. a4 b4 17. Qc2 Rb8 18. Nc4 Qf6 19. Bd2 b3 20. Qd1 Bd7 21. Bf1 h5 22. e5 dxe5 23. Ndxe5 Nxe5 24. Nxe5 Qxe5 25. Bxa6 g4 26. Qf1 g3 27. hxg3 fxg3 28. Re2 Qxd5 29. f4 h4 30. Be1 Bc6 31. Qh3 Rxf4 32. Bc8 Qf3 0-1

[Event "Kiev Spring op"]
[Site "Kiev"]
[Date "2021.07.12"]
[Round "4"]
[White "Perets, Dmitry"]
[Black "Artemov, Andriy"]
[Result "1-0"]
[WhiteElo "1712"]
[BlackElo "1475"]
[PlyCount "122"]
[EventDate "2021.07.10"]
[EventType "swiss"]
[EventRounds "9"]
[EventCountry "UKR"]
[SourceTitle "EXT 2024"]
[Source "ChessBase"]
[SourceDate "2023.10.10"]
[SourceVersion "1"]
[SourceVersionDate "2023.10.10"]
[SourceQuality "1"]

1. Nf3 Nf6 2. g3 g6 3. Bg2 Bg7 4. 0-0 0-0 5. c4 d6 6. d4 Nc6 7. Nc3 a6 8. e4 e5 9. dxe5 dxe5 10. Bg5 Qe8 11. Nd5 Nxd5 12. cxd5 Ne7 13. Qc2 f6 14. Be3 f5 15. Qxc7 fxe4 16. Ng5 Nxd5 17. Qc4 Qb5 18. Qxb5 axb5 19. Bc5 Rd8 20. Bxe4 Bf5 21. Rfd1 Bxe4 22. Nxe4 b6 23. Bd6 Nf6 24. Nc3 Ne8 25. Bb4 Nc7 26. Rxd8+ Rxd8 27. Rd1 Rxd1+ 28. Nxd1 Nd5 29. Bd2 Kf7 30. Kf1 Ke6 31. Ke2 Kd6 32. Kd3 Ke6 33. Ke4 Kd6 34. Nc3 Nf6+ 35. Kf3 e4+ 36. Nxe4+ Nxe4 37. Kxe4 Bxb2 38. Be3 Kc6 39. f4 Ba3 40. Ke5 Bc5 41. Bd2 Bg1 42. h3 Bh2 43. g4 g5 44. Ke4 gxf4 45. Bxf4 Bg1 46. h4 Kd7 47. Kd5 Bf2 48. h5 Be1 49. Be3 b4 50. Bxb6 Bd2 51. Bc5 h6 52. Ke5 Kc6 53. Bf8 Kb5 54. Kf5 Ka4 55. Kg6 Ka3 56. Bxh6 Bxh6 57. Kxh6 Kxa2 58. g5 b3 59. g6 b2 60. g7 b1Q 61. g8Q+ Ka3 1-0